Electronic Instrumentation and Measurement Techniques (Record no. 247581)

MARC details
000 -LEADER
fixed length control field 00498nam a2200193Ia 4500
008 - FIXED-LENGTH DATA ELEMENTS--GENERAL INFORMATION
fixed length control field 240921s9999||||xx |||||||||||||| ||und||
082 ## - DEWEY DECIMAL CLASSIFICATION NUMBER
-- 621.381548 M9
100 ## - MAIN ENTRY--PERSONAL NAME
Personal name Cooper W P
245 #0 - TITLE STATEMENT
Title Electronic Instrumentation and Measurement Techniques
250 ## - EDITION STATEMENT
Edition statement 3rd
260 ## - PUBLICATION, DISTRIBUTION, ETC. (IMPRINT)
Date of publication, distribution, etc 1989
Name of publisher, distributor, etc PHI,New Delhi
500 ## - GENERAL NOTE
General note Signal Generation
650 ## - SUBJECT ADDED ENTRY--TOPICAL TERM
Topical term or geographic name as entry element Instrumentation
700 ## - ADDED ENTRY--PERSONAL NAME
Personal name Helfrick A D
942 ## - ADDED ENTRY ELEMENTS (KOHA)
Item type Books
Holdings
Withdrawn status Lost status Damaged status Permanent location Current location Shelving location Date acquired Source of acquisition Cost, normal purchase price Full call number Barcode Date last seen Koha item type
      CENTRAL LIBRARY, NOORUL ISLAM CENTRE FOR HIGHER EDUCATION CENTRAL LIBRARY, NOORUL ISLAM CENTRE FOR HIGHER EDUCATION   05/09/2003 Higginbothams Private Ltd 59.00 621.381548 M9 536 09/21/2024 Books
Visitors:
Copyright © 2024 Central Library NICHE.  All rights reserved.